LEADER 00955nam0 22002651i 450 001 RML0257384 005 20231121125716.0 010 $a8814056854 100 $a20121121d1996 ||||0itac50 ba 101 | $aita 102 $ait 181 1$6z01$ai $bxxxe 182 1$6z01$an 200 1 $a˜Le œaziende "non profit"$ecircuiti gestionali, sistema informativo e il bilancio d'esercizio 210 $aMilano $cGiuffre' $d1996 606 $aDiritto commerciale$2FIR$3RMLC067534$9I 700 1$aAndreaus$b, Michele$3RMLV165448$0116049 801 3$aIT$bIT-01$c20121121 850 $aIT-FR0098 899 $aBiblioteca Area Giuridico Economica$bFR0098 912 $aRML0257384 950 0$aBiblioteca Area Giuridico Economica$d 53DSG 11/0249$e 53VM 0000283295 VM barcode:GIU0006600. - Inventario:9800VM$fA $h20010423$i20121204 977 $a 53 996 $aAziende non profit$9415660 997 $aUNICAS